History of the Arya Samaj (Record no. 518771)

MARC details
000 -LEADER
fixed length control field 00748nam a2200241Ia 4500
003 - CONTROL NUMBER IDENTIFIER
control field OSt
005 - DATE AND TIME OF LATEST TRANSACTION
control field 20220925191512.0
008 - FIXED-LENGTH DATA ELEMENTS--GENERAL INFORMATION
fixed length control field 220923b |||||||| |||| 00| 0 eng d
037 ## - SOURCE OF ACQUISITION
Terms of availability General Book
040 ## - CATALOGING SOURCE
Original cataloging agency RTL
Transcribing agency RTL
Language of cataloging eng
041 ## - LANGUAGE CODE
Source of code eng
Language code of text/sound track or separate title eng
100 ## - MAIN ENTRY--PERSONAL NAME
Personal name Rai Lajpat
9 (RLIN) 105161
245 #0 - TITLE STATEMENT
Title History of the Arya Samaj
Remainder of title An account of its origin, doctrines and activities with a biographical sketch of the founder
260 ## - PUBLICATION, DISTRIBUTION, ETC.
Place of publication, distribution, etc. Bombay
Name of publisher, distributor, etc. Orient Longmans India
Date of publication, distribution, etc. 1967
300 ## - PHYSICAL DESCRIPTION
Extent vi,217p.
Dimensions cm.
500 ## - GENERAL NOTE
General note Bib p. 205-06
650 ## - SUBJECT ADDED ENTRY--TOPICAL TERM
Topical term or geographic name entry element Hinduism
9 (RLIN) 8459
942 ## - ADDED ENTRY ELEMENTS (KOHA)
Classification part Q29M8y7M24, K7
Koha item type General Books
Source of classification or shelving scheme Colon Classification (CC)

No items available.

Copyright @ Delhi University Library System